Walking for fitness : the low-impact workout that tones and shapes (Record no. 383663)

MARC details
000 -LEADER
fixed length control field 00303nam a2200097Ia 4500
082 ## - DEWEY DECIMAL CLASSIFICATION NUMBER
Classification number 613.7176 BARO
008 - FIXED-LENGTH DATA ELEMENTS--GENERAL INFORMATION
fixed length control field 210817s9999 xx 000 0 und d
100 ## - MAIN ENTRY--PERSONAL NAME
Personal name BAROUGH, Nina London, 2003
9 (RLIN) 93028
245 #0 - TITLE STATEMENT
Title Walking for fitness : the low-impact workout that tones and shapes
942 ## - ADDED ENTRY ELEMENTS
item type Books

No items available.